LEADER 02336nam a2200433 i 4500 001 000000173969 003 CaOOAMICUS 005 20251217102501.0 008 080806s2008 it u000 u ita u 020 $a978-88-8227-259-3 040 $aSeMil$bita 100 1 $aCentro di pastorale liturgica francese.$0(OLS)http://semarc/name/64979 240 12$aL'art de célébrer. Guide pastoral.$0(OLS)http://semarc/title/249308 245 10$aArs celebrandi :$bguida pastorale per un'arte del celebrare /$cCentro di pastorale liturgica francese ; [trad. dal francese di Valerio Lanzarini]. 260 $aMagnano :$bQiqajon,$c2008. 300 $a173 p. ;$c21 cm. 490 0 $aLiturgia e vita 650 4$aLiturgia - Celebrazione - Studi.$0(OLS)http://semarc/subject/2000 700 1 $aLanzarini, Valerio.$0(OLS)http://semarc/name/43723 774 0 $aMolin, Jean-Baptiste$tOrdo Missae".$w()306101 774 0 $aNeunheuser, Burkhard $tOrazioni.$w()306102 774 0 $aRose, André$tReforme du lectionnaire après Vatican 2.$w()306103 774 0 $aGy, Pierre Marie $tPrières eucharistiques du missel romain.$w()306104 774 0 $aDell'Oro, Ferdinando $tPer un "Ordo ferialis Missae".$w()306105 774 0 $aValenziano, Crispino <1932- >$tProblemi linguistici delle orazioni.$w()306106 774 0 $aNocent, Adrien $tSecondes lectures des dimanches "Per annum".$w()306107 774 0 $aGelineau, Joseph $tPrière eucharistique comme action de l'assemblée.$w()306108 774 0 $aClerck, Paul : de <1939- >$tApport des dons.$w()306109 774 0 $aGiraudo, Cesare $tDoppia epiclesi delle preghiere eucaristiche.$w()306110 774 0 $aMazza, Enrico <1940- >$tRiforma liturgica.$w()306111 830 0$aLiturgia e vita.$0(OLS)http://semarc/title/424526 850 $aSeMil 852 $aSeMil$W1$xVenegono$y1$m3K V 35$j124814$B124814$CSeMilBibl$Z2$F136211 $81 941 1 $a5 961 $aOmaggio: Tettamanzi Card. Dionigi 996 $6020$a978-88-8227-259-3$9(OLS)http://semarc/number/161761 996 $6245$aArs celebrandi :$bguida pastorale per un'arte del celebrare$9(OLS)http://semarc/title/249307 996 $6260$aMagnano :$bQiqajon$9(OLS)http://semarc/publisher/32326 LEADER 01497nam a2200325 i 4500 001 000000034123 003 CaOOAMICUS 005 20081219000000.0 008 081219s1988 it u000 u ita u 013 $a278 020 $a88-16-95046-3 040 $aSeMil$bita 100 1 $aCazzullo, Anna.$0(OLS)http://semarc/name/15571 245 13$aIl concetto e l'esperienza :$bAristotele, Cassirer, Heidegger, Ricoeur /$cAnna Cazzullo. 260 $aMilano :$bJaca Book,$c1988. 300 $a141 p. ;$c23 cm. 490 0 $aEdizioni universitarie Jaca ;$v46 600 14$aCassirer, Ernst <1874-1945>.$0(OLS)http://semarc/subject/5633 600 14$aHeidegger, Martin <1889-1976>.$0(OLS)http://semarc/subject/986 600 04$aAristotele <384-322 a.C.>.$0(OLS)http://semarc/subject/1987 600 14$aRicoeur, Paul <1913-2005>.$0(OLS)http://semarc/subject/5634 650 4$aFilosofia - Storia - Studi.$0(OLS)http://semarc/subject/305 650 4$aLinguaggio - Filosofia.$0(OLS)http://semarc/subject/1247 830 0$aEdizioni universitarie Jaca ;$v46.$0(OLS)http://semarc/title/5907 850 $aSeMil 852 $aSeMil$W1$xVenegono$y1$m2P IV 495$j278$B278$CSeMilBibl$Z2$F278 $81 961 $aAcquisto: Centro Vendite Curia 996 $6020$a88-16-95046-3$9(OLS)http://semarc/number/1761 996 $6245$aIl concetto e l'esperienza :$bAristotele, Cassirer, Heidegger, Ricoeur$9(OLS)http://semarc/title/45987 996 $6260$aMilano :$bJaca Book$9(OLS)http://semarc/publisher/29781